|
|
|
|
| LEADER |
00000nam a2200000Ia 4500 |
| 008 |
170621b2002 cr ||||| |||| 00| | spa d |
| 999 |
|
|
|c 745
|d 745
|
| 020 |
|
|
|a 9968100137
|
| 090 |
|
|
|a 06.03.06
|b 423
|
| 100 |
1 |
|
|a Solano Alpízar, José
|9 239
|
| 245 |
1 |
0 |
|a Educación y aprendizaje /
|c José Solano Alpízar
|
| 260 |
|
|
|a San José, Costa Rica :
|b CECC,
|c 2002
|
| 300 |
|
|
|a 164 páginas,
|
| 490 |
|
|
|a Colección Pedagógica Formación Inicial de Docentes Centroamericanos de Educación Primaria o Básica,
|v 2
|
| 650 |
1 |
4 |
|a EDUCACIÓN PRIMARIA
|9 367
|
| 650 |
1 |
4 |
|a TEORÍA
|9 292
|
| 650 |
1 |
4 |
|a APRENDIZAJE
|9 387
|
| 650 |
1 |
4 |
|a EDUCACIÓN
|9 1
|
| 651 |
|
4 |
|a AMÉRICA CENTRAL
|9 457
|
| 942 |
|
|
|i 00679
|h 06.03.06 423
|2 z
|c 01
|